000 00762nam a2200241 a 4500
008
020 _a0908306024 (hbk.)
049 _aMAIN
090 _aNA1597.6.R5
_bJAC
100 1 _aJackson, Peter.
245 1 0 _aHistoric buildings of Harare (1890 - 1940) /
_cby Peter Jackson ; photographs by Neils Lassen.
260 _aHarare :
_bQuest Publishing,
_c1986.
300 _ax, 134 p. :
_bill. ;
_c23 x 22 cm.
500 _aIncludes index.
504 _aIncludes bibliographic references.
650 1 _aHistoric buildings
_zHarare (Zimbabwe).
700 _aLassen, Neils.
907 _a.b10088325
_b01-12-16
_c09-09-03
003
005 20230120131040.0
040 _cNUST
942 _cBOOKS
_kNA1597.6.R5
_mJAC
999 _c95928
_d95928